书目信息 |
| 题名: |
全断面隧道掘进机设备状态监测与故障诊断技术指南
|
|
| 作者: | 闫广天 , 雷军 主编 ;中铁十八局集团公司 编著 | |
| 分册: | ||
| 出版信息: | 北京 人民交通出版社股份有限公司 2025.03 |
|
| 页数: | 165页 | |
| 开本: | 23cm | |
| 丛书名: | 中国隧道及地下工程修建关键技术研究书系 | |
| 单 册: | ||
| 中图分类: | TD421.5-62 | |
| 科图分类: | ||
| 主题词: | 全断面掘进机--quan duan mian jue jin ji--设备状态监测--指南 , 全断面掘进机--quan duan mian jue jin ji--故障诊断--指南 | |
| 电子资源: | ||
| ISBN: | 978-7-114-20155-4 | |
| 000 | 01860nam 2200349 450 | |
| 001 | 97667 | |
| 005 | 20250919193350.01 | |
| 010 | @a978-7-114-20155-4@dCNY92.00 | |
| 100 | @a20250519d2025 em y0chiy50 ea | |
| 101 | 0 | @achi |
| 102 | @aCN@b110000 | |
| 105 | @aak a 000yy | |
| 106 | @ar | |
| 106 | @ar | |
| 200 | 1 | @a全断面隧道掘进机设备状态监测与故障诊断技术指南@Aquan duan mian sui dao jue jin ji she bei zhuang tai jian ce yu gu zhang zhen duan ji shu zhi nan@d= Technical guide for condition monitoring and fault diagnosis full face tunnel boring machine@f中铁十八局集团有限公司编著@zeng |
| 210 | @a北京@c人民交通出版社股份有限公司@d2025.03 | |
| 215 | @a165页@c图@d23cm | |
| 225 | 2 | @a中国隧道及地下工程修建关键技术研究书系@Azhong guo sui dao ji di xia gong cheng xiu jian guan jian ji shu yan jiu shu xi |
| 300 | @a穿越 | |
| 314 | @a书内题: 闫广天, 雷军主编 | |
| 320 | @a有书目 (第164-165页) | |
| 330 | @a本书基于工程实践, 对油液、振动、红外、无损等基础性状态监测技术予以介绍, 并较为系统地归纳了全断面隧道掘进机的状态监测及其应用。案例部分, 从故障现象描述、检测与分析、故障处理等方面直观地阐述了各种监测技术的应用场景与方法, 以便读者了解和掌握不同故障现象的诊断手段, 通过诊断评判设备状态, 洞察故障原因及其规律等, 提供可借鉴或复制的处治措施。 | |
| 410 | 0 | @12001 @a中国隧道及地下工程修建关键技术研究书系 |
| 510 | 1 | @aTechnical guide for condition monitoring and fault diagnosis full face tunnel boring machine@zeng |
| 606 | 0 | @a全断面掘进机@Aquan duan mian jue jin ji@x设备状态监测@j指南 |
| 606 | 0 | @a全断面掘进机@Aquan duan mian jue jin ji@x故障诊断@j指南 |
| 690 | @aTD421.5-62@v5 | |
| 701 | 0 | @a闫广天@Ayan guang tian@4主编 |
| 701 | 0 | @a雷军@Alei jun@4主编 |
| 712 | 02 | @a中铁十八局集团公司@Azhong tie shi ba ju ji tuan you xian gong si@4编著 |
| 801 | 0 | @aCN@c20250909 |
| 905 | @a河南城建学院图书馆@dTD421.5-62@eY109@f1 | |
| 全断面隧道掘进机设备状态监测与故障诊断技术指南= Technical guide for condition monitoring and fault diagnosis full face tunnel boring machine/中铁十八局集团有限公司编著.-北京:人民交通出版社股份有限公司,2025.03 |
| 165页:图;23cm.-(中国隧道及地下工程修建关键技术研究书系) |
| 穿越 |
| ISBN 978-7-114-20155-4:CNY92.00 |
| 本书基于工程实践, 对油液、振动、红外、无损等基础性状态监测技术予以介绍, 并较为系统地归纳了全断面隧道掘进机的状态监测及其应用。案例部分, 从故障现象描述、检测与分析、故障处理等方面直观地阐述了各种监测技术的应用场景与方法, 以便读者了解和掌握不同故障现象的诊断手段, 通过诊断评判设备状态, 洞察故障原因及其规律等, 提供可借鉴或复制的处治措施。 |
| ● |
| 相关链接 |
|
|
|
正题名:全断面隧道掘进机设备状态监测与故障诊断技
索取号:TD421.5-62/Y109
 
预约/预借
| 序号 | 登录号 | 条形码 | 馆藏地/架位号 | 状态 | 备注 |
| 1 | 1638713 | 216387130 | 自科库501/501自科库 21排1列4层/ [索取号:TD421.5-62/Y109] | 在馆 |